000 00976nam a2200313Ia 4500
003 OSt
005 20220912145348.0
006 a|||||r|||| 00| 0
007 ta
008 220909b |||||||| |||| 00| 0 eng d
020 _a9780470043813 (hbd)
024 _a86130
037 _b571, 03/11/2009, Dhanraj Book House
037 _cTextbook
040 _aCSL
_beng
_cCSL
041 _aeng
082 _aI:(G:F), P8;1
100 _aStewart C Neal Ed.
245 0 _aPlant biotechnology and genetics: Principles, techniques, and applications
260 _aNew Jersey
_bWiley
_c2008
300 _axxiv, 374p. Includes CD-ROM
_ccm.
500 _aIncludes bibliographical references.; Index 371-374p.
650 _a Plant biotechnology
650 _a Plant genetics
650 _a Transgenic plants
650 _aBotany
942 _hI:(G:F), P8;1
_cTB
_2CC
999 _c29958
_d29958